[Event "Capablanca Mem Mixto"]
[Site "Varadero CUB"]
[Date "2000.05.10"]
[Round "4"]
[White "Pina,S"]
[Black "Frometa,Z"]
[Result "1/2-1/2"]
[WhiteElo "2300"]
[BlackElo "2213"]

1.e4 g6 2.d4 Bg7 3.Nc3 c6 4.f4 d6 5.Nf3 Nf6 6.Bd3 O-O 7.O-O b5 8.e5 dxe5
9.dxe5 Qb6+ 10.Kh1 Nd5 11.Nxd5 cxd5 12.Qe2 a6 13.Be3 Qc7 14.a4 b4 15.Nd4 Nc6
16.Nxc6 Qxc6 17.a5 f6 18.Bb6 Qe6 19.Rfe1 fxe5 20.fxe5 Qc6 21.Qd2 Bf5 22.Qxb4 e6
23.Qd4 Bxd3 24.cxd3 Rac8 25.Rf1 Qc2 26.Rxf8+ Rxf8 27.Re1 Rf5 28.Qc5 Qxc5
29.Bxc5 Rxe5 30.Rxe5 Bxe5 31.b4 Bb8 32.b5 axb5 33.a6 e5 34.a7 Bxa7 35.Bxa7 b4
36.Bc5 b3 37.Ba3 Kf7 38.Kg1 Ke6 39.Kf2 Kf5 40.Ke3 g5 41.Bb2 h5 42.Ba3 h4
43.Bb2 g4 44.Ba3 d4+ 45.Ke2 Kg5 46.Bb2 Kf5 47.Bc1 Ke6 48.Kd1 Kf5 49.Bd2 e4
50.Kc1 exd3 51.Kb2 Ke4 52.Kxb3 h3 53.gxh3 Kf3 54.hxg4 Ke2 55.Bg5 d2 56.Bxd2 Kxd2
57.g5 Ke3  1/2-1/2

[Event "FSIM May"]
[Site "Budapest HUN"]
[Date "2000.05.17"]
[Round "12"]
[White "Resika,N"]
[Black "Vadasz,L"]
[Result "0-1"]
[WhiteElo "2190"]
[BlackElo "2285"]

1.e4 g6 2.d4 Bg7 3.Nc3 c6 4.Nf3 d5 5.h3 Nf6 6.e5 Ne4 7.Nxe4 dxe4 8.Ng5 c5
9.Bc4 O-O 10.c3 cxd4 11.cxd4 b5 12.Bb3 Bb7 13.f3 exf3 14.Nxf3 Nc6 15.Be3 Na5
16.O-O Qd7 17.Rc1 Nxb3 18.Qxb3 Bd5 19.Qa3 Rfc8 20.Nh2 Qb7 21.Rf2 Rxc1+ 22.Bxc1 a5
23.b3 a4 24.Qb2 axb3 25.axb3 b4 26.Nf1 f6 27.Ne3 fxe5 28.dxe5 Be6 29.Nc4 Qb5
30.Rc2 Bxc4 31.bxc4 Qc5+ 32.Kh1 Bxe5 33.Qb3 Ra1 34.g3 h5 35.Kg2 Qc6+ 36.Kg1 Qe4
37.c5+ Kg7 38.Kf2 Bd4+ 39.Kf1 Qh1+ 40.Ke2 Rxc1  0-1

[Event "Open"]
[Site "Pula CRO"]
[Date "2000.05.17"]
[Round "2"]
[White "Sveshnikov,E"]
[Black "Saric,Ib"]
[Result "0-1"]
[WhiteElo "2541"]
[BlackElo "2370"]

1.e4 c6 2.d4 g6 3.Nc3 Bg7 4.f4 d5 5.e5 h5 6.Nf3 Nh6 7.Be3 Bg4 8.h3 Nf5 9.Bf2 Bxf3
10.Qxf3 h4 11.Bd3 e6 12.O-O Bf8 13.Ne2 Nd7 14.b3 Be7 15.c4 Kf8 16.c5 b6 17.b4 a5
18.b5 bxc5 19.bxc6 Nb8 20.dxc5 Nxc6 21.Rab1 Nb4 22.Bxf5 gxf5 23.a3 Nc6 24.Rb6 Rc8
25.Rc1 Kg7 26.Kh2 Rh6 27.Qd3 Rg6 28.Qb5 d4 29.Qc4 d3 30.Rd1 Nb4 31.Rb5 Bxc5
32.Bxc5 dxe2 33.Rxd8 e1=Q 34.Rd3  0-1

[Event "Open"]
[Site "Pula CRO"]
[Date "2000.05.21"]
[Round "6"]
[White "Bazaj Bockai,S"]
[Black "Jovanic,O"]
[Result "0-1"]
[WhiteElo "2157"]
[BlackElo "2332"]

1.e4 g6 2.d4 Bg7 3.Nc3 c6 4.Nf3 d6 5.Be2 Nd7 6.Be3 Ngf6 7.h3 e5 8.dxe5 dxe5
9.Qd6 Qe7 10.O-O-O Qxd6 11.Rxd6 O-O 12.Rhd1 Re8 13.Bc4 h6 14.g4 Bf8 15.R6d2 g5
16.h4 Nb6 17.Bxb6 axb6 18.hxg5 Nxg4 19.g6 Be6 20.gxf7+ Kxf7 21.Bxe6+ Kxe6
22.Rd7 Nxf2 23.R1d2 Bc5 24.Kb1 Rf8 25.Nh4 Bd4 26.Rxb7 Nxe4 27.Rd3 Rf1+  0-1

[Event "Open"]
[Site "Pula CRO"]
[Date "2000.05.21"]
[Round "6"]
[White "Rogulj,B"]
[Black "Saric,Ib"]
[Result "1-0"]
[WhiteElo "2437"]
[BlackElo "2370"]

1.e4 c6 2.d4 g6 3.Nc3 Bg7 4.Bc4 d5 5.exd5 b5 6.Bb3 b4 7.dxc6 bxc3 8.Qf3 Nf6
9.c7 Qxc7 10.Qxa8 O-O 11.Qf3 Bb7 12.Qg3 e5 13.Ne2 Ne4 14.Qd3 cxb2 15.Bxb2 Qa5+
16.c3 exd4 17.Nxd4 Nc5 18.Qb5 Qc7 19.O-O Ba6 20.Qb4 Bxf1 21.Rxf1 Nd3 22.Qa3 Nxb2
23.Qxb2 Rc8 24.Nb5 Qc5 25.Rd1 Bxc3 26.Nxc3 Qxc3 27.Qxc3 Rxc3 28.Rd8+ Kg7
29.h3 Nc6 30.Rd7 Rc1+ 31.Kh2 Ne5 32.Rxa7 Rf1 33.Kg3 g5 34.Ra4 Ng6 35.Rd4 Re1
36.Rd7 Ne5 37.Rd2 Re4 38.a4 Rb4 39.Bd1 Rb1 40.Rd5 Kf6 41.Be2 Rb3+ 42.f3 Rb2
43.Bf1 Rb1 44.Kf2 Rb2+ 45.Ke3 Ra2 46.Rd6+ Ke7 47.Ra6 Ra1 48.Be2 Ng6 49.g3 h5
50.Bc4 Ne5 51.Ra7+ Kd6 52.Be2 f5 53.Ra6+ Kd5 54.Rf6 Ra3+ 55.Kf2 Nd3+ 56.Bxd3 Rxd3
57.Rxf5+ Kd4 58.Rxg5 Rd2+ 59.Ke1 Ra2 60.Rxh5 Ke3  1-0

[Event "Capablanca Mem Mixto"]
[Site "Varadero CUB"]
[Date "2000.05.22"]
[Round "13"]
[White "Calzetta,M"]
[Black "Frometa,Z"]
[Result "1-0"]
[WhiteElo "2267"]
[BlackElo "2213"]

1.e4 g6 2.d4 Bg7 3.Nc3 c6 4.Nf3 d5 5.h3 dxe4 6.Nxe4 Nd7 7.Bc4 Ndf6 8.Neg5 Nd5
9.O-O Ngf6 10.Ne5 O-O 11.Bb3 h6 12.Ngf3 Nd7 13.Re1 a5 14.c4 Nc7 15.Bf4 Nxe5
16.Bxe5 Be6 17.Rc1 Ne8 18.d5 cxd5 19.cxd5 Bd7 20.Qe2 a4 21.Bc4 b5 22.Bxb5 Bxb5
23.Qxb5 Ra5 24.Qb4 Nd6 25.Bxg7 Kxg7 26.Rxe7 Rxd5 27.Ra7 Qf6 28.Rxa4 Rb5 29.Qc3 Rxb2
30.Qxf6+ Kxf6 31.Ra6 Rd8 32.Rd1 Ke7 33.Ne5 Rc2 34.Nc6+ Rxc6 35.Rxc6 Ke6 36.a4 Ke5
37.f4+ Ke6 38.a5  1-0

[Event "Honra"]
[Site "Santo Antonio POR"]
[Date "2000.05.26"]
[Round "6"]
[White "Gomes,Jo"]
[Black "Vitor,A"]
[Result "0-1"]
[WhiteElo "2128"]
[BlackElo "2302"]

1.d4 g6 2.e4 Bg7 3.Nc3 c6 4.Be2 d6 5.h4 h5 6.Be3 b5 7.a3 a6 8.Nf3 Nf6 9.Ng5 Ng4
10.Bf4 Qb6 11.Bxg4 Bxg4 12.f3 Bc8 13.Be3 Qc7 14.Qd2 Nd7 15.Rb1 Nb6 16.b3 Nd7
17.Ne2 a5 18.f4 Nf6 19.Ng3 d5 20.e5 Ng4 21.O-O Nh6 22.f5 Nxf5 23.Nxf5 gxf5
24.Rbe1 e6 25.c4 bxc4 26.bxc4 dxc4 27.Rf3 Bb7 28.Rg3 Bf8 29.Qc3 Ba6 30.Nf3 Qd8
31.Nd2 Qd5 32.Rc1 Rb8 33.Nxc4 Bxc4 34.Qxc4 Qxc4 35.Rxc4 Bxa3 36.Rxc6 Be7
37.Ra6 Bxh4 38.Rh3 Bd8 39.Bd2 Rb5 40.Rc3 Rd5 41.Rc8 Rxd4 42.Bxa5 O-O 43.Raa8 Be7
44.Rxf8+ Bxf8 45.Bd8 Kh7 46.Bb6 Rd1+ 47.Kf2 Bg7 48.Ra7 Kg6 49.Bc7 Rd7  0-1

[Event "NOR Team-ch"]
[Site "Oslo NOR"]
[Date "2000.05.31"]
[Round "1"]
[White "Gabrielsen,T"]
[Black "Harestad,T"]
[Result "0-1"]
[WhiteElo "2197"]
[BlackElo "2238"]

1.e4 g6 2.d4 Bg7 3.Nc3 c6 4.h4 h5 5.Bc4 d6 6.a4 Nf6 7.Bg5 Qa5 8.Qd3 b5 9.Bb3 b4
10.Nd1 O-O 11.Nh3 e5 12.f3 Ba6 13.Qd2 Nbd7 14.dxe5 Nxe5 15.Ne3 d5 16.exd5 c5
17.c4 bxc3 18.bxc3 Nfg4 19.fxg4 Nf3+ 20.gxf3 Bxc3 21.Rh2 Bxd2+ 22.Rxd2 Qc3
23.Rd1 Qxb3 24.gxh5 f6 25.Bh6 Rfe8 26.Kf2 Bc8 27.Rd3 Qb2+ 28.R1d2 Qe5 29.Nf4 g5
30.hxg5 fxg5  0-1

[Event "FSGM June"]
[Site "Budapest HUN"]
[Date "2000.06.06"]
[Round "4"]
[White "Nguyen Anh Dung"]
[Black "Postny,E"]
[Result "1-0"]
[WhiteElo "2496"]
[BlackElo "2424"]

1.e4 g6 2.d4 Bg7 3.Nc3 c6 4.Be3 d6 5.Qd2 b5 6.Nf3 Nf6 7.Bd3 Bg4 8.e5 b4 9.Ne4 Nxe4
10.Bxe4 d5 11.Bd3 Bxf3 12.gxf3 Qb6 13.a3 bxa3 14.b4 Na6 15.c3 Nc7 16.Rxa3 O-O
17.Ra5 Qb7 18.Rg1 Qc8 19.Rg3 f5 20.h4 Kf7 21.h5 Rg8 22.Ke2 Bf8 23.Ra1 e6
24.hxg6+ hxg6 25.Bg5 Ne8 26.Rh3 Bg7 27.Qf4 Qc7 28.Rh7 Rh8 29.Qh4 Rxh7 30.Qxh7 a5
31.Bh6 Ra7 32.Rg1 axb4 33.Rxg6 Kf8 34.Bxg7+  1-0

[Event "FSIMB June"]
[Site "Budapest HUN"]
[Date "2000.06.11"]
[Round "9"]
[White "Resika,N"]
[Black "Vadasz,L"]
[Result "1/2-1/2"]
[WhiteElo "2190"]
[BlackElo "2285"]

1.e4 g6 2.d4 Bg7 3.Nc3 c6 4.Nf3 d6 5.Be3 Nf6 6.h3 O-O 7.Bd3 Nbd7 8.O-O e5
9.Qd2 b5 10.dxe5 dxe5 11.a4 b4 12.Ne2 a5 13.c3 Qe7 14.cxb4 axb4 15.Rfc1 Bb7
16.Ng3 c5 17.a5 Ba6  1/2-1/2

[Event "IV Pablo Gorbea Mem Open"]
[Site "Madrid ESP"]
[Date "2000.06.14"]
[Round "5"]
[White "Bermejo,L"]
[Black "Reinaldo Castineira,R"]
[Result "0-1"]
[WhiteElo "2236"]
[BlackElo "2345"]

1.e4 g6 2.d4 Bg7 3.Nc3 c6 4.Nf3 d5 5.exd5 cxd5 6.Bb5+ Nc6 7.Ne5 Bd7 8.Nxd7 Qxd7
9.O-O Nh6 10.Bxh6 Bxh6 11.Qf3 e6 12.Na4 O-O 13.Nc5 Qc7 14.Bxc6 Qxc6 15.c3 e5
16.Nd3 e4 17.Qh3 Bg7 18.Nb4 Qd6 19.Nc2 f5 20.f4 b5 21.a4 bxa4 22.Rxa4 Rfb8
23.Ra2 Rb3 24.Qe3 Qb6 25.Qc1 a5 26.Ne3 Qb5 27.Rd1 Rc8 28.Qa1 a4 29.Rxa4 Rxb2
30.Rb4 Rxb4 31.cxb4 Qe2 32.Qa3 Bxd4 33.Rxd4 Qe1+ 34.Nf1 Rc1  0-1

[Event "ELO"]
[Site "Stockholm SWE"]
[Date "2000.06.18"]
[Round "9"]
[White "Celander,J"]
[Black "Helin,M"]
[Result "1-0"]
[WhiteElo "2090"]
[BlackElo "2137"]

1.d4 g6 2.Nc3 Bg7 3.e4 c6 4.Nf3 b5 5.Bd3 d6 6.h3 a6 7.Bf4 Nd7 8.e5 Nb6 9.exd6 b4
10.Ne2 exd6 11.O-O h6 12.Ng3 Nd5 13.Bd2 Nge7 14.c4 bxc3 15.bxc3 O-O 16.c4 Nf6
17.Qc2 a5 18.Rfe1 Kh7 19.Rad1 Be6 20.a3 Qd7 21.Kh2 Rfb8 22.Qa4 Nc8 23.Qc2 Ne7
24.Nh4 d5 25.c5 Ne4 26.Bf4 f5 27.Nf3 Rf8 28.Be5 Nf6 29.Bd6 Ne4 30.Ne5 Qe8
31.Rb1 Ng8 32.Rb7 Nxd6 33.cxd6 Nf6 34.Reb1 Bd7 35.Rc7 Qe6 36.Qc5 Rad8 37.Rbb7 f4
38.Bxg6+ Kg8 39.Nf5 Ne4 40.Ne7+ Kh8 41.Bxe4 Bxe5 42.Ng6+ Kg8 43.Bxd5 f3+
44.dxe5 cxd5 45.Qxd5 Rf7 46.Qxe6 Bxe6 47.Rxf7 Bxf7 48.Ne7+ Kh8 49.gxf3 Bh5
50.f4  1-0

[Event "11th Open"]
[Site "Ljubljana SLO"]
[Date "2000.06.21"]
[Round "5"]
[White "Kos,T"]
[Black "Srebrnic,V"]
[Result "1-0"]
[WhiteElo "2300"]
[BlackElo "2202"]

1.e4 g6 2.d4 Bg7 3.Nc3 c6 4.Be3 d5 5.Qd2 dxe4 6.Nxe4 Nd7 7.O-O-O Ngf6 8.Ng3 Nb6
9.Nf3 Bg4 10.Be2 O-O 11.Bh6 Bxf3 12.gxf3 Qd5 13.Kb1 Nc4 14.Bxc4 Qxc4 15.Nf5 gxf5
16.Rhg1 Ne8 17.Bxg7  1-0

[Event "VII Open"]
[Site "Linares CHI"]
[Date "2000.06.26"]
[Round "7"]
[White "Egger,J"]
[Black "Estay,O"]
[Result "1/2-1/2"]
[WhiteElo "2421"]
[BlackElo "2255"]

1.e4 g6 2.d4 c6 3.Nc3 Bg7 4.Bf4 Qb6 5.Nf3 Qxb2 6.Bd2 Qb6 7.Rb1 Qd8 8.Bc4 d6
9.O-O Nf6 10.Bg5 b5 11.Bxf6 Bxf6 12.Nxb5 d5 13.exd5 cxb5 14.Bxb5+ Bd7 15.c4 O-O
16.Re1 Qc7 17.c5 Bxb5 18.Rxb5 Nd7 19.Qb3 Rab8 20.g3 Rxb5 21.Qxb5 Rb8 22.Qa6 Kg7
23.Kg2 h6 24.Re3 g5 25.h3 h5 26.Re4 Rb4 27.Qc6 Qd8 28.d6 Nb8  1/2-1/2

[Event "White Nights Open"]
[Site "St Petersburg RUS"]
[Date "2000.06.28"]
[Round "5"]
[White "Sivokho,S"]
[Black "Eliseev,A"]
[Result "1/2-1/2"]
[WhiteElo "2436"]
[BlackElo "2325"]

1.e4 g6 2.d4 Bg7 3.Nc3 c6 4.h3 d5 5.Nf3 Nh6 6.Bf4 f6 7.exd5 cxd5 8.Nb5 O-O
9.c4 Na6 10.cxd5 Qxd5 11.Nc3 Qf7 12.Qa4 g5 13.Bh2 Rd8 14.Rd1 Bd7 15.Qa5 Qe6+
16.Be2 Rdc8 17.d5 Qb6 18.Qxb6 axb6 19.O-O Nc5 20.Rd2 Nf7 21.Nd4 f5 22.Re1 Nd6
23.Bxd6 exd6 24.Bb5 Bxd4 25.Rxd4 Re8 26.Rxe8+ Bxe8 27.Bxe8 Rxe8 28.Kf1 Kf7
29.g3 Kf6 30.Rb4 Re1+ 31.Kxe1 Nd3+ 32.Kd2 Nxb4 33.f4 gxf4 34.gxf4 Na6 35.Ke3 Nc7
36.a4 Kg6 37.Kd4 Kh5 38.Nd1 Kh4 39.Ne3 Kxh3 40.Nxf5 Kg4 41.Nxd6 Kxf4 42.Nxb7 h5
43.Nd8 h4 44.d6 Na6 45.Ne6+ Kg3 46.d7 Nb8 47.Ng5 Nxd7 48.b4 Nf8 49.Ke3 Nd7
50.a5 bxa5 51.bxa5 Nc5 52.Ke2 Kg4 53.Nf3 h3 54.Ke3 Kg3 55.Ke2 Kf4 56.Kf2 Ne4+  1/2-1/2

[Event "XVIII Open"]
[Site "Andorra AND"]
[Date "2000.06.29"]
[Round "6"]
[White "Cosma,I"]
[Black "Saravanan,V"]
[Result "1-0"]
[WhiteElo "2468"]
[BlackElo "2412"]

1.d4 g6 2.e4 Bg7 3.Nc3 c6 4.Nf3 d6 5.Be3 Nf6 6.h3 O-O 7.a4 a5 8.Qd2 Na6 9.Bc4 Nb4
10.Bb3 Qc7 11.O-O e5 12.dxe5 dxe5 13.Rad1 Na6 14.Ng5 Nd7 15.Nxf7 Rxf7 16.f4 Nf8
17.Qd8 Be6 18.Qxa8 Bxb3 19.cxb3 exf4 20.Bd4 Bxd4+ 21.Rxd4 Qb6 22.Qd8 Nc7
23.Kh1 Qxb3 24.Rd2 Qc4 25.Rdf2 Qc5 26.Qb8 Ne6 27.e5 Qc4 28.Qd6 Rd7 29.Qa3 g5
30.Qa1 h5 31.Qb1 Rg7 32.Ne4 Qxa4 33.Nf6+ Kf7 34.Nxh5 Rh7 35.Qf5+ Ke7 36.Nf6 Rh8
37.Ng4 Rg8 38.Qf6+ Ke8 39.Nh6  1-0

[Event "FSIMA July"]
[Site "Budapest HUN"]
[Date "2000.07.02"]
[Round "2"]
[White "Hardicsay,P"]
[Black "Dudas,Jano"]
[Result "1/2-1/2"]
[WhiteElo "2310"]
[BlackElo "2321"]

1.e4 g6 2.d4 Bg7 3.Nc3 c6 4.Nf3 d5 5.h3 dxe4 6.Nxe4 Nd7 7.Bd3 Ngf6 8.O-O O-O
9.Re1 Nxe4 10.Bxe4 Nf6  1/2-1/2

[Event "FSIMB July"]
[Site "Budapest HUN"]
[Date "2000.07.02"]
[Round "2"]
[White "Resika,N"]
[Black "Vadasz,L"]
[Result "1/2-1/2"]
[WhiteElo "2190"]
[BlackElo "2285"]

1.e4 g6 2.d4 Bg7 3.Nc3 c6 4.Nf3 d6 5.a4 a5 6.Bc4 Nf6 7.Bb3 O-O 8.O-O Bg4
9.h3 Bxf3 10.Qxf3 e5 11.dxe5 dxe5 12.Bg5 Na6 13.Rad1 Qe7 14.Rd2 Rfd8 15.Rfd1 Rxd2
16.Rxd2 Rd8 17.Rxd8+ Qxd8 18.Be3 Bf8 19.Qe2 Nd7 20.Qc4 Qe8 21.Nd1 Ndc5 22.f3 Nxb3
23.Qxb3 Qd8 24.Nf2 Bc5 25.Bxc5 Nxc5 26.Qc3 Qd4 27.Qxa5 Qe3 28.b3 Ne6 29.Kf1 Qc1+
30.Qe1 Qxc2 31.Qd1 Qxd1+ 32.Nxd1 Nc5 33.Nb2 Nxb3 34.Ke2 Nc5 35.Kd2 Kf8 36.Kc3 Ke7
37.a5 f6 38.Nc4 h5 39.Kb4 Nd7 40.Kc3 f5 41.Kb4 Ke6 42.g4 f4 43.gxh5 gxh5
44.h4 Ke7 45.Kc3 Kd8 46.Nd6 Kc7 47.Ne8+ Kd8 48.Nd6  1/2-1/2

[Event "White Nights Open"]
[Site "St Petersburg RUS"]
[Date "2000.07.02"]
[Round "9"]
[White "Karasev,V"]
[Black "Eliseev,A"]
[Result "1-0"]
[WhiteElo "2347"]
[BlackElo "2325"]

1.e4 g6 2.d4 Bg7 3.Nc3 c6 4.Nf3 d5 5.h3 Nh6 6.exd5 cxd5 7.Bb5+ Nc6 8.Ne5 Bd7
9.Nxd7 Qxd7 10.Ne2 a6 11.Ba4 b5 12.Bb3 Na5 13.O-O O-O 14.c3 Nf5 15.Nf4 Nc4
16.Nd3 a5 17.a3 a4 18.Bc2 Nfd6 19.Bf4 Ne4 20.Qe2 Rae8 21.f3 Ned6 22.Rae1 Qc8
23.Bb1 e6 24.Qf2 Qd8 25.Re2 f6 26.Rfe1 e5 27.Bh2 e4 28.Nb4 Qa8 29.Ba2 e3
30.Rxe3 Rxe3 31.Rxe3 Nxe3 32.Bxd6 Re8 33.h4 Nc4 34.h5 Bf8 35.Bxf8 Kxf8 36.hxg6 hxg6
37.Qg3 Kf7 38.Qh3 f5 39.Nd3 Qb8 40.Bxc4 bxc4 41.Qh7+ Kf6 42.Ne5 Rxe5 43.dxe5+ Qxe5
44.Qh8+ Ke6 45.Qg8+ Kf6 46.Kf2 f4 47.Qh8+ Ke6 48.Qe8+ Kf6 49.Qh8+ Kf5 50.Qh3+ Kg5
51.Qg4+ Kf6 52.Qh4+ Kg7 53.Kg1 g5 54.Qf2 Kh6 55.Kh2 Kh5 56.Qa7 Kg6 57.Qxa4 g4
58.Qc2+ Kg5 59.fxg4 f3+ 60.Kh3 Qf4 61.gxf3 Qxf3+ 62.Kh2 Qf4+ 63.Kg1 Qg3+
64.Kf1 Qh3+ 65.Qg2 Qd3+ 66.Qe2 Qb1+ 67.Kf2 Qa1 68.Kf3 Qh1+ 69.Ke3 Qe4+ 70.Kf2 Qb1
71.a4 Qa1 72.Kf3 Qh1+ 73.Kf2 Qa1 74.Kg3 Qg1+ 75.Qg2 Qe1+ 76.Qf2 Qe5+ 77.Kh3 Qh8+
78.Kg2 Qd8 79.Qf5+ Kh6 80.Kg3 Kg7 81.g5 Qb8+ 82.Kf3 Qxb2 83.Qf6+ Kg8 84.g6 Qb7
85.Kg4 Qd7+ 86.Qf5 Qe7 87.Qf7+ Qxf7 88.gxf7+ Kxf7 89.a5 d4 90.Kf3 dxc3  1-0

[Event "FSIMB July"]
[Site "Budapest HUN"]
[Date "2000.07.06"]
[Round "6"]
[White "Carlsson,P"]
[Black "Vadasz,L"]
[Result "1/2-1/2"]
[WhiteElo "2262"]
[BlackElo "2285"]

1.e4 g6 2.d4 Bg7 3.Nc3 c6 4.Bc4 e6 5.e5 d5 6.exd6 Qxd6 7.Nf3 Nf6 8.O-O O-O
9.Bg5 Nbd7 10.a4 b6 11.Qe2 Bb7  1/2-1/2

[Event "29th ch-GRE Team"]
[Site "Athens GRE"]
[Date "2000.07.09"]
[Round "4"]
[White "Kouvatsou,M"]
[Black "Petraki,M"]
[Result "1-0"]
[WhiteElo "2223"]
[BlackElo "2119"]

1.e4 g6 2.d4 Bg7 3.Nc3 c6 4.Bg5 Qb6 5.Nge2 Qxb2 6.Rb1 Qa3 7.Qd2 d6 8.f4 Nd7
9.e5 f6 10.exf6 Ngxf6 11.Ng3 O-O 12.f5 e5 13.fxe6 Nb6 14.Rb3 Qa5 15.e7 Re8
16.Nce4 Qxd2+ 17.Kxd2 Nxe4+ 18.Nxe4 Be6 19.Nxd6 Bxb3 20.axb3 Bxd4 21.Bd3 Bc5
22.Nxe8 Rxe8 23.Re1 Nd5 24.Re5 Bxe7 25.Kd1 Kf7 26.h4 Bxg5 27.Rxg5 Kf6 28.Kd2 Re5
29.Rg4 Ke6 30.Be2 Nf6 31.Rb4 b5 32.Bf3 Nd5 33.Rg4 c5 34.c4 Nf6 35.Rf4 b4
36.Bb7 h5 37.Rf1 g5 38.hxg5 Rxg5 39.Ra1 Ke5 40.Re1+ Kf4 41.Rf1+ Ke5 42.Re1+ Kd6
43.Ra1 Rg3 44.Bf3 Rg7 45.Ra6+ Ke5 46.Rc6 Nd7 47.Rc7 a5 48.Ra7 h4 49.Rxa5 Rh7
50.Bg4 Rg7 51.Bh3 Rg3 52.Bxd7 Rxg2+ 53.Ke1 Kd4 54.Ra6 Kc3 55.Ba4 h3 56.Kf1 Ra2
57.Kg1 Rd2 58.Rh6 Rg2+ 59.Kh1 Rg3 60.Kh2 Rg5 61.Kxh3 Rg8 62.Rh5 Rc8 63.Kg3 Kd4
64.Kf4 Rf8+ 65.Rf5 Rc8 66.Rd5+ Kc3 67.Ke4  1-0

[Event "29th ch-GRE Team"]
[Site "Athens GRE"]
[Date "2000.07.09"]
[Round "4"]
[White "Vouldis,A"]
[Black "Gratseas,S"]
[Result "1/2-1/2"]
[WhiteElo "2497"]
[BlackElo "2254"]

1.e4 c6 2.d4 g6 3.Nc3 Bg7 4.f4 d5 5.e5 Nh6 6.Nf3 Na6 7.Be2 Nc7 8.O-O Bg4
9.Nh4 Bxe2 10.Nxe2 f5 11.exf6 Bxf6 12.f5 g5 13.Nf3 Nf7 14.Ne5 Nxe5 15.dxe5 Bxe5
16.Nd4 Qd6 17.Qh5+ Kd7 18.c3 h6 19.Be3 Ne8 20.Nf3 Nf6 21.Nxe5+ Qxe5 22.Qe2 h5  1/2-1/2

[Event "t-EuCh U18 Girls"]
[Site "Balatonlelle HUN"]
[Date "2000.07.13"]
[Round "5"]
[White "Balogh,E"]
[Black "Partac,E"]
[Result "0-1"]
[WhiteElo "2001"]
[BlackElo "2220"]

1.e4 g6 2.d4 Bg7 3.Nc3 c6 4.f4 d5 5.e5 Nh6 6.Nf3 f6 7.Be3 Bg4 8.Be2 O-O 9.Qd2 Nd7
10.O-O-O Nf5 11.Bf2 Bxf3 12.gxf3 fxe5 13.dxe5 Bh6 14.Nxd5 Nxe5 15.Qc3 Nd7
16.Ne3 e6 17.Qc4 Qe7 18.Ng4 Bg7 19.h4 h5 20.Ne3 Nb6 21.Qe4 Nxe3 22.Bxe3 Nd5
23.Rhg1 Nxe3 24.Qxe3 Qf6 25.Qb3 Qxf4+ 26.Kb1 Rf6 27.Rd7 b5 28.Qa3 b4 29.Qa6 Qe3
30.Rgd1 Raf8 31.Qxa7 Qh6 32.Rc7 R6f7 33.Rxf7 Rxf7 34.Qc5 Qf4 35.Qxc6 Qe5
36.c3 Qxe2 37.Qd6 bxc3 38.bxc3 Rb7+  0-1

[Event "Open"]
[Site "Dieren NED"]
[Date "2000.07.18"]
[Round "1"]
[White "Hendriks,R"]
[Black "Hartoch,R"]
[Result "0-1"]
[WhiteElo "2098"]
[BlackElo "2332"]

1.e4 g6 2.d4 Bg7 3.Nc3 c6 4.Bc4 d6 5.Qf3 e6 6.Bf4 Nd7 7.Nge2 Ngf6 8.Bb3 e5
9.dxe5 dxe5 10.Be3 Qe7 11.h3 Nc5 12.O-O O-O 13.Rfd1 b5 14.Ng3 a5 15.Bxc5 Qxc5
16.a4 b4 17.Nce2 Ba6 18.Nf1 Rfd8 19.g4 Bc4 20.Neg3 Nd7 21.Ne3 Bxb3 22.cxb3 Nf8
23.Rac1 Qb6 24.Nc4 Qc7 25.Qe3 Ne6 26.Ne2 Bf8 27.Qb6 Qxb6 28.Nxb6 Rxd1+ 29.Rxd1 Ra7
30.Nd7 Bg7 31.Nb8 Rc7 32.Rd6 Nc5 33.Rxc6 Rxc6 34.Nxc6 Nxb3 35.Ng3 Kf8 36.Nf1 Ke8
37.Ne3 Kd7 38.Na7 Nc5 39.Nc4 Nxa4 40.b3 Nc5 41.Nxa5 Kc7 42.Nc4 Nxb3 43.Nb5+ Kc6
44.Na7+ Kc5 45.Nb2 Nd2 46.Na4+ Kc4 47.Nb6+ Kd3 48.Nc6 b3 49.Na4 Kxe4 50.Nd8 f6
51.Ne6 Bh6 52.h4 Kd5 53.Nc7+ Kd6 54.Nb5+ Kc6 55.Nbc3 Bf8 56.Kg2 Ba3 57.Nd1 Kb5
58.Nac3+ Kc4 59.Na4 Kd3 60.h5 Nc4 61.Nac3 Kc2  0-1

[Event "10th Open"]
[Site "Jyvaskyla FIN"]
[Date "2000.07.19"]
[Round "2"]
[White "Leino,J"]
[Black "Gavrikov,Vi"]
[Result "0-1"]
[WhiteElo "2228"]
[BlackElo "2549"]

1.e4 g6 2.d4 Bg7 3.Nc3 c6 4.h3 d6 5.Nf3 Qc7 6.Bc4 b5 7.Bb3 b4 8.Ne2 Nf6 9.e5 Nd5
10.exd6 Qxd6 11.O-O O-O 12.c4 bxc3 13.bxc3 Nd7 14.a4 Qc7 15.Ba3 Re8 16.Re1 Rb8
17.Rb1 Ba6 18.c4 N5f6 19.Nc3 e6 20.Qe2 Qa5 21.Qc2 Bf8 22.Bxf8 Rxf8 23.Nd2 Rfd8
24.Nde4 Nxe4 25.Nxe4 c5 26.Qd3 cxd4 27.Qg3 Bb7 28.Ng5 Qf5  0-1

[Event "Aegean Open"]
[Site "Agios Kyrikos GRE"]
[Date "2000.07.22"]
[Round "8"]
[White "Kotronias,V"]
[Black "Istratescu,A"]
[Result "1-0"]
[WhiteElo "2539"]
[BlackElo "2578"]

1.e4 g6 2.d4 Bg7 3.Nc3 c6 4.Nf3 d5 5.h3 dxe4 6.Nxe4 Nd7 7.Bc4 Ngf6 8.Nxf6+ Nxf6
9.O-O O-O 10.Re1 b6 11.Bg5 Bb7 12.Qe2 e6 13.Rad1 Qc7 14.Ne5 Nd5 15.Bh4 Rae8
16.Bg3 Qe7 17.Bb3 Rd8 18.c4 Nf6 19.Bh4 h6 20.c5 g5 21.Bg3 bxc5 22.dxc5 Rxd1
23.Rxd1 Nd5 24.Nc4 Qxc5 25.Bd6 Qb5 26.Bxf8 Kxf8 27.Qd2 Qc5 28.Qa5 Qxa5 29.Nxa5 Ba8
30.Bxd5 exd5 31.Rc1 Bxb2 32.Rc2 Ba1 33.Nxc6 Kg7 34.Na5 d4 35.Rc8 Bd5 36.Nb3 Bc3
37.Rd8 Bc4 38.Nxd4 Bxa2 39.Nb5 Ba5 40.Rd4 Bb6 41.Ra4 Be6 42.Nxa7 h5 43.Nc6 g4
44.Rb4 Bc5 45.Rb5 Ba3 46.Nd4 Bd7 47.Rd5 Bc8 48.Rd8 Bb7 49.Ne6+ Kf6 50.Nf4 gxh3
51.Rd3 h2+ 52.Kxh2 Bc5 53.Rb3 Ba8 54.Nxh5+ Ke7 55.Rb2 Bd6+ 56.Kh3 Bc6 57.g4 Be5
58.Re2 Kd6 59.f4  1-0

[Event "ch-Paris"]
[Site "Paris FRA"]
[Date "2000.07.22"]
[Round "8"]
[White "Larrat,P"]
[Black "Large,L"]
[Result "1-0"]
[WhiteElo "2120"]
[BlackElo "2225"]

1.e4 g6 2.d4 c6 3.Nc3 Bg7 4.Nf3 d6 5.Bg5 Nf6 6.Qd2 O-O 7.Bh6 b5 8.Bd3 Nbd7
9.Qg5 b4 10.Ne2 c5 11.e5 Ne8 12.Bxg7 Kxg7 13.exd6 Nxd6 14.dxc5 f6 15.Qd5 Bb7
16.Qd4 Ne8 17.Ng5 Nc7 18.Nf4 Nxc5 19.Qxc5 fxg5 20.Qxc7 Qxc7 21.Ne6+ Kf6 22.Nxc7 Rac8
23.Nb5 a6 24.Nd4 e5 25.Nb3 e4 26.Be2 Rxc2 27.Rb1 Rd8 28.Bd1 Rc7 29.Rc1 Rxc1
30.Nxc1 e3 31.O-O  1-0

[Event "ch-HUN Women"]
[Site "Budapest HUN"]
[Date "2000.07.23"]
[Round "3"]
[White "Kiss,Fern"]
[Black "Horvath,Ju"]
[Result "1-0"]
[WhiteElo "2238"]
[BlackElo "2308"]

1.e4 c6 2.d4 g6 3.Nc3 Bg7 4.Bc4 d6 5.Qf3 e6 6.Nge2 Nd7 7.O-O Ngf6 8.Bg5 O-O
9.Bb3 Qc7 10.a4 b6 11.Rad1 Bb7 12.Qe3 e5 13.dxe5 dxe5 14.f4 exf4 15.Qxf4 Qxf4
16.Rxf4 h6 17.Bxf6 Nxf6 18.Rdf1 Rad8 19.Rxf6 Bxf6 20.Rxf6 Kg7 21.Rf3 Rd7
22.Bc4 a6 23.Rd3 Re7 24.Rd6 b5 25.axb5 cxb5 26.Bd3 Rfe8 27.Kf2 Re6 28.Rxe6 Rxe6
29.b4 Kf8 30.Nd4 Rd6 31.Nb3 Ke8 32.Nc5 Bc8 33.Ke3 Be6 34.Nxa6 Kd8 35.Nc5 Rb6
36.Nxb5 g5 37.Nxe6+ Rxe6 38.c4  1-0

[Event "MTO Open"]
[Site "Biel SUI"]
[Date "2000.07.26"]
[Round "3"]
[White "Van Schaardenburg,M"]
[Black "Porubszki,G"]
[Result "1-0"]
[WhiteElo "2267"]
[BlackElo "2002"]

1.e4 c6 2.d4 g6 3.Nc3 Bg7 4.Be3 d5 5.f3 Qb6 6.Qd2 dxe4 7.O-O-O Qa5 8.fxe4 Bg4
9.Nf3 Nd7 10.Kb1 O-O-O 11.Qf2 Kb8 12.Qg3+ Ne5 13.Nxe5 Bxd1  1-0

[Event "Open"]
[Site "Dieren NED"]
[Date "2000.07.27"]
[Round "9"]
[White "Meijere,A"]
[Black "Van der Wiel,J"]
[Result "0-1"]
[WhiteElo "2205"]
[BlackElo "2531"]

1.e4 g6 2.d4 Bg7 3.Nc3 c6 4.Be3 d6 5.Qd2 b5 6.a3 Bb7 7.Be2 Nd7 8.h4 h5 9.Nh3 Ngf6
10.f3 a6 11.b4 Qc7 12.O-O e5 13.dxe5 Nxe5 14.a4 O-O 15.a5 c5 16.Na2 cxb4
17.Bb6 Nc4 18.Bxc4 Qxc4 19.Nxb4 Nd7 20.Bf2 Bc3 21.Qxd6 Qxb4 22.Qxd7 Bc8 23.Qd5 Be6
24.Qg5 Bxh3 25.gxh3 Bxa1 26.Rxa1 Rfd8 27.Qf6 Qd6 28.Qg5 Rac8 29.Rc1 Rd7 30.Kh1 Qd2
31.Be3 Qe2 32.Qf4 Rc3 33.Qb8+ Kh7 34.Qe8 Qxf3+ 35.Kh2 Rd2+  0-1

[Event "World Open"]
[Site "Philadelphia USA"]
[Date "2000.07.29"]
[Round "2"]
[White "Paragua,M"]
[Black "Hodgson,Ju"]
[Result "1-0"]
[WhiteElo "2368"]
[BlackElo "2625"]

1.e4 g6 2.d4 Bg7 3.Nc3 c6 4.Be3 d5 5.f3 Qb6 6.Rb1 e5 7.Nge2 Ne7 8.Qd2 exd4
9.Bxd4 Bxd4 10.Qxd4 O-O 11.Qxb6 axb6 12.exd5 cxd5 13.a3 Nbc6 14.Rd1 Ra5 15.Nd4 Nxd4
16.Rxd4 Rd8 17.Rb4 Bf5 18.Kd2 d4 19.Ne4 Bxe4 20.fxe4 Rd6 21.Bb5 Kg7 22.Re1 Ra8
23.Kd3 Rc8 24.Re2 Rc5 25.a4 g5 26.Rxd4 h6 27.b4 Rc7 28.g3 Rf6 29.c4 Rf3+
30.Kc2 Nc6 31.Bxc6 Rxc6 32.Kb2 Rc8 33.e5 Rc6 34.b5 Rc7 35.e6 fxe6 36.Rxe6 Rf2+
37.Kb3 Rxh2 38.Rxb6 Rh3 39.Rd3 h5 40.Rbd6 Rf7 41.c5 h4 42.gxh4 g4 43.Rxh3 gxh3
44.Rd2 Rf4 45.b6 Rxh4 46.c6  1-0

[Event "Australian Masters"]
[Site "Melbourne AUS"]
[Date "2000.07.31"]
[Round "7"]
[White "Martin,Be"]
[Black "Hacche,D"]
[Result "1/2-1/2"]
[WhiteElo "2377"]
[BlackElo "2214"]

1.e4 g6 2.d4 Bg7 3.Nc3 c6 4.Be3 Nf6 5.Qd2 Qa5 6.Nf3 d6 7.h3 Nbd7 8.Bd3 O-O
9.Bh6 e5 10.Bxg7 Kxg7 11.O-O Re8 12.Rfe1 Nf8 13.Rad1 Qb4 14.a3 Qb6 15.Na4 Qc7
16.c4 Ne6 17.Qc3 Nd7 18.c5 b5 19.cxd6 Qxd6 20.d5 bxa4 21.dxe6 Qxe6 22.Bc4 Qe7
23.Rd2 Nc5 24.Qe3 h6 25.Red1 Rb8 26.Rd6 Nb3 27.Qc3 c5 28.Bxb3 Rxb3 29.Qxc5 Bxh3
30.Qxe5+ Qxe5 31.Nxe5 Rxe5 32.gxh3 Rxe4 33.R6d4 Re2 34.Rxa4 Rbxb2 35.Rf1 Re7
36.Rc1 Ree2 37.Rf1 Re7 38.Rc1 Rbe2 39.Kg2 R2e4 40.Ra6 R4e6 41.Ra4 Re4 42.Ra6 R4e6  1/2-1/2